|
|
|
|
| LEADER |
01680nam a2200325 a 4500 |
| 001 |
16674815 |
| 008 |
120604s2011 enka b 001 0 eng |
| 010 |
|
|
|a 2011009257
|
| 020 |
|
|
|a 9780749463946 (pbk.)
|
| 020 |
|
|
|a 9780749463953 (e-ISBN)
|
| 040 |
|
|
|a DLC
|c DLC
|d DLC
|d BD-DhAAL
|
| 042 |
|
|
|a pcc
|
| 050 |
0 |
0 |
|a HF5549
|b .A89784 2011
|
| 082 |
0 |
0 |
|a 658.3/01
|2 22
|
| 100 |
1 |
|
|a Armstrong, Michael,
|d 1928-
|
| 245 |
1 |
0 |
|a Armstrong's handbook of strategic human resource management /
|c Michael Armstrong.
|
| 246 |
3 |
0 |
|a Strategic human resource management
|
| 250 |
|
|
|a 5th ed.
|
| 260 |
|
|
|a London ;
|a Philadelphia :
|b Kogan Page,
|c 2011.
|
| 300 |
|
|
|a x, 313 p. :
|b ill. ;
|c 24 cm.
|
| 500 |
|
|
|a Rev. ed. of: Strategic human resource management : a guide to action / Michael Armstrong. 4th ed. 2008.
|
| 504 |
|
|
|a Includes bibliographical references and index.
|
| 541 |
|
|
|e 00025339
|
| 650 |
|
0 |
|a Personnel management.
|
| 700 |
1 |
|
|a Armstrong, Michael,
|d 1928-
|t Strategic human resource management.
|
| 852 |
1 |
|
|a Ayesha Abed Library
|c General shelf.
|
| 999 |
|
|
|c 12349
|d 12349
|
| 952 |
|
|
|0 0
|1 0
|2 ddc
|4 0
|6 658_301000000000000_ARM
|7 0
|9 20412
|a BRACUL
|b BRACUL
|c GEN
|d 2012-06-04
|e Paragon Enterprises Ltd.
|g 1216.00
|l 2
|m 6
|o 658.301 ARM
|p 3010025339
|r 2024-01-27
|s 2023-10-30
|t 1
|w 2012-06-04
|y BK
|
| 952 |
|
|
|0 0
|1 0
|2 ddc
|4 0
|6 658_301000000000000_ARM
|7 0
|9 20413
|a BRACUL
|b BRACUL
|c GEN
|d 2012-06-04
|e Paragon Enterprises Ltd.
|g 1216.00
|l 3
|m 5
|o 658.301 ARM
|p 3010025340
|r 2025-07-27
|s 2025-06-28
|t 2
|w 2012-06-04
|y BK
|
| 952 |
|
|
|0 0
|1 0
|2 ddc
|4 0
|6 658_301000000000000_ARM
|7 0
|9 20414
|a BRACUL
|b BRACUL
|c GEN
|d 2012-06-04
|e Paragon Enterprises Ltd.
|g 1216.00
|l 4
|m 28
|o 658.301 ARM
|p 3010025341
|r 2024-03-02
|s 2024-02-10
|t 3
|w 2012-06-04
|y BK
|